| 000 | 00537nam a2200169 4500 | ||
|---|---|---|---|
| 001 | 123173 | ||
| 003 | ES-MaACL | ||
| 005 | 20230906192126.0 | ||
| 007 | t| | ||
| 008 | 070214s1944 ag r ||||0| spa d | ||
| 100 | 1 |
_aQuenois, Maurice. _994519 |
|
| 245 | 1 | 0 |
_aCiudad de ensueño _b: Florencia y los Médicis / _cMaurice Quenois ; traducción de Verónica Mere. |
| 260 |
_aBuenos Aires : _bEditora del Plata, _c1944. |
||
| 300 |
_a437 p : _bil ; _c23 cm. |
||
| 700 | 0 |
_aMeré, Verónica. _980474 |
|
| 852 |
_aES-MaACL _jF-16197 _bR.21217 |
||
| 999 |
_c123173 _d123173 |
||